Entry Personal Name
001 - CONTROL NUMBER
- control field: 3572
003 - CONTROL NUMBER IDENTIFIER
- control field: AM-YEHGA
005 - DATE AND TIME OF LATEST TRANSACTION
- control field: 20250617070445.0
008 - FIXED-LENGTH DATA ELEMENTS
- fixed length control field: 080519 a|ac|n|aab||||||||||||a |n|||||||
040 ## - CATALOGING SOURCE
- Original cataloging agency: AM-YEHGA
100 1# - HEADING--PERSONAL NAME
- Personal name: Իսակով, Իվան Ստեփանի,
- Dates associated with a name: 1894-1967
400 1# - SEE FROM TRACING--PERSONAL NAME
- Personal name: Իսակով, Իվան,
- Dates associated with a name: 1894-1967
400 1# - SEE FROM TRACING--PERSONAL NAME
- Personal name: Իսակով, Իվան Ս.
- Fuller form of name: Ստեփանի),
- Dates associated with a name: 1894-1967
400 1# - SEE FROM TRACING--PERSONAL NAME
- Personal name: Իսակով, Ի.Ս.
- Fuller form of name: (Իվան Ստեփանի),
- Dates associated with a name: 1894-1967
400 1# - SEE FROM TRACING--PERSONAL NAME
- Personal name: Իսակով, Ի.
- Fuller form of name: (Իվան),
- Dates associated with a name: 1894-1967
400 1# - SEE FROM TRACING--PERSONAL NAME
- Personal name: Իսակով, Հովհաննես Ստեփանի,
- Dates associated with a name: 1894-1967
400 1# - SEE FROM TRACING--PERSONAL NAME
- Personal name: Իսակով, Հովհաննես,
- Dates associated with a name: 1894-1967
400 1# - SEE FROM TRACING--PERSONAL NAME
- Personal name: Իսակով, Հ.
- Fuller form of name: (Հովհաննես),
- Dates associated with a name: 1894-1967
400 1# - SEE FROM TRACING--PERSONAL NAME
- Personal name: Իսակով, Իվան Ստեփանի,
- Dates associated with a name: 1894-1967
400 1# - SEE FROM TRACING--PERSONAL NAME
- Personal name: Исаков, Иван Степанович,
- Dates associated with a name: 1894-1967
400 1# - SEE FROM TRACING--PERSONAL NAME
- Personal name: Исаков, И.С.
- Fuller form of name: (Иван Степанович),
- Dates associated with a name: 1894-1967
400 1# - SEE FROM TRACING--PERSONAL NAME
- Personal name: Исаков, И..
- Fuller form of name: (Иван),
- Dates associated with a name: 1894-1967
400 1# - SEE FROM TRACING--PERSONAL NAME
- Personal name: Isakov, Ivan Stepani,
- Dates associated with a name: 1894-1967
670 ## - SOURCE DATA FOUND
- Source citation: Ով ով է։ Հայեր։ Կենսագրական հանրագիտարան, 2005 :
- Information found: հ. 1 (Իսակով Հովհաննես (Իվան) Ստեփանի (10(22).8.1894, գ. Հաջիքենդ (Ելիզավետպոլի գավ.) - 11.10.1967, Մոսկվա),Խորհրդ. Միության նավատորմի ծովակալ (1955)։ ՌԾ գիտ. թեկ., պրոֆ. (1951)։ ԽՍՀՄ ԳԱ թղթ. անդամ (1958), ՀԽՍՀ ԳԱ պատվ. անդամ (1967)։ Խորհրդ. Միութ. հերոս (1965)); b|ն.տ. (ՌԴ ՌԾՈՒ-ում Ի-ի անունով կոչվել է հածանավ)
670 ## - SOURCE DATA FOUND
- Source citation: Հայ ծովայինները Հայրենական Մեծ պատերազմում, 1946 :
- Information found: տիտղթ. (Ի.Ս. Իսակով)
670 ## - SOURCE DATA FOUND
- Source citation: Избранные труды : Океанология, география и военная история, 1984 :
- Information found: т.л. (И.С. Исаков)
ՀՀ Գիտությունների ազգային ակադեմիայի հիմնարար գիտական գրադարան = Fundamental Scientific Library of NAS RA
All site content, except where otherwise noted, is licensed under a